Potravinová bezpečnosť ako globálny problém svetovej ekonomiky

Analýza potravinovej bezpečnosti a bezpečnosti potravín v rámci svetovej ekonomiky a možnosti jej riešenia.

Gespeichert in:
Bibliographische Detailangaben
1. Verfasser: Kordoš, Marcel
Format: Buchkapitel
Sprache:Slowakisch
Schlagworte:
Tags: Tag hinzufügen
Keine Tags, Fügen Sie das erste Tag hinzu!

MARC

LEADER 00000naa a2200000 4500
001 0170004
005 20220321091526.5
041 0 |a slo 
044 |a SK 
245 1 0 |a Potravinová bezpečnosť ako globálny problém svetovej ekonomiky  |c Marcel Kordoš 
520 |a Analýza potravinovej bezpečnosti a bezpečnosti potravín v rámci svetovej ekonomiky a možnosti jej riešenia. 
610 2 0 |a bezpečnosť potravinová 
610 2 0 |a hospodárstvo svetové 
610 2 0 |a chudoba 
610 2 0 |a kvalita tovaru 
100 1 |a Kordoš, Marcel